[Event "Andalucia-ch U10"]
[Site "Huelva"]
[Date "2014.04.25"]
[Round "1.1"]
[White "Manzano Leon, Alvaro"]
[Black "Pogromskyy, Anton"]
[Result "1-0"]
[WhiteElo "1517"]
[BlackElo "1081"]
[PlyCount "55"]
[EventDate "2014.04.25"]
[EventType "swiss"]
[EventRounds "9"]
[EventCountry "ESP"]
[SourceTitle "EXT 2024"]
[Source "ChessBase"]
[SourceDate "2023.10.10"]
[SourceVersion "1"]
[SourceVersionDate "2023.10.10"]
[SourceQuality "1"]

1. e4 e5 2. Nf3 Nc6 3. Bc4 h6 4. d3 Nf6 5. c3 Be7 6. Nbd2 d6 7. Bb3 Bg4 8. h3 Bh5 9. 0-0 0-0 10. Re1 Re8 11. Nf1 Qd7 12. Ng3 Bxf3 13. Qxf3 Rad8 14. Nh5 Rf8 15. Nxf6+ Bxf6 16. Bxh6 Na5 17. Bc2 Qe6 18. Be3 b6 19. b4 Nc6 20. Bb3 Qd7 21. a4 Ne7 22. a5 Ng6 23. axb6 axb6 24. Bd5 Ne7 25. Bb3 g6 26. Qxf6 Rc8 27. Bh6 Qe8 28. Qg7# 1-0